| 000 | 00000nam##2200000za#4500 |
| 001 | 9.577784 |
| 003 | CaOODSP |
| 005 | 20210624185758 |
| 007 | cr ||||||||||| |
| 008 | 150406|1981||||xxc|||||o f|0| 0 eng|d |
| 022 | |a1488-5379 |
| 040 | |aCaOODSP|beng |
| 043 | |an-cn--- |
| 086 | 1 |aFs97-6/1014E-PDF |
| 110 | 1 |aCanada. |bDepartment of Fisheries and Oceans. |
| 245 | 10|aAssessment of scallop stocks on Browns and German Banks, 1979 / |h[electronic resource]|cby G.S. Jamieson, G. Kerr and M.J. Lundy. |
| 260 | |aHalifax - Nova Scotia : |bFisheries and Oceans Canada |c1981. |
| 300 | |a23p.|bfigs., references, tables |
| 490 | 1 |aCanadian technical report of fisheries and aquatic sciences|x1488-5379|vNo. 1014 |
| 500 | |aOn t.p.: Invertebrates and Marine Plants Division, Halifax, N.S. The catalogue number and ISSN for the print edition appear in the PDF version. |
| 546 | |a(Résumé en français) |
| 590 | |a13-24-Supp|b2013-10-18 |
| 720 | 1 |aJamieson, G. S. |
| 720 | 1 |aLundy, M. J. |
| 720 | 1 |aKerr, G. |
| 830 | #0|aCanadian technical report of fisheries and aquatic sciences,|x1488-5379|vNo. 1014|w(CaOODSP)9.504449 |
| 856 | 40|ahttp://publications.gc.ca|qPDF|s2063 KB|uhttps://publications.gc.ca/collections/collection_2013/mpo-dfo/Fs97-6-1014-eng.pdf|yNo. 1014 |